• 首页
  • 本馆介绍
  • 公告通知
  • 最新文献
  • 馆藏检索
  • 电子资源
  • 读者导购
  • 参考咨询
  • 我的图书馆
  • 登录
  • 详细信息显示
  • 放入我的书架
  • 预约/预借图书
  • 作者相关作品
  • 分类相关作品
  • 丛书相关作品
  • 出版社相关作品

书目信息

  • 表格格式
  • 工作单格式
  • 卡片格式
题名:
房地产策划
    
 
作者: 柏秋 , 韦达 编著
分册:  
出版信息: 北京   知识产权出版社  2000
页数: 410页
开本: 21cm
丛书名: 策划思想库系列丛书
单 册:
中图分类: F293.3
科图分类:
主题词: 房地产业--决策学 , 房地产业 , 决策学
电子资源:
ISBN: 7-80011-492-9
000 00879oam2 2200289 450
001 012007911786
005 20070605150519.59
010    @a7-80011-492-9@dCNY25.00
100    @a20070603d2000 km y0chiy0120 ea
101 0  @achi
102    @aCN@b110000
105    @ay z 000yy
106    @ar
200 1  @a房地产策划@Afang di chan ce hua@f柏秋,韦达编著@Fbai qiu,wei da bian zhu
210    @a北京@c知识产权出版社@d2000
215    @a410页@d21cm
225 2  @a策划思想库系列丛书
330    @a本书主要内容包括:房地产作局策划概述,房地产开局的重要性,成功开局的基础,开局的基本原则,房地产开局的三要素等。
461  0 @12001 @a策划思想库系列丛书
606 0  @a房地产业@x决策学
606 0  @a房地产业
606 0  @a决策学
690    @aF293.3@v4
701  0 @a柏秋@Abai qiu@4编著
701  0 @a韦达@Awei da@4编著
801  0 @aCN@bRULIN@c20070605
905    @dF293.3@e566@s8
    
    房地产策划/柏秋,韦达编著.-北京:知识产权出版社,2000
    410页;21cm.-(策划思想库系列丛书)
    
    
    ISBN 7-80011-492-9:CNY25.00
    本书主要内容包括:房地产作局策划概述,房地产开局的重要性,成功开局的基础,开局的基本原则,房地产开局的三要素等。
●
相关链接 在E读中查询图书 在五车中查询图书 在当当中查询图书 在豆瓣中查询图书


正题名:房地产策划     索取号:F293.3/566         预约/预借

序号 登录号 条形码 馆藏地/架位号 状态 备注
1 0582356   205823563   第一样本阅览室/ [索取号:F293.3/566] 在馆    
2 0582357   205823572   第一借阅区/ [索取号:F293.3/566] 在馆    
3 0582358   205823581   第一借阅区/ [索取号:F293.3/566] 在馆    
4 0582359   205823590   第一借阅区/ [索取号:F293.3/566] 在馆    
5 0582360   205823607   密集书库/ [索取号:F293.3/566] 在馆    
6 0582361   205823616   第一借阅区/ [索取号:F293.3/566] 在馆    
7 0582362   205823625   密集书库/ [索取号:F293.3/566] 在馆    
8 0582363   205823634   密集书库/ [索取号:F293.3/566] 在馆    
唐山师范学院图书馆 欢迎您!
大连网信软件有限公司© 版权所有